| 000 | 00672nam a2200181Ia 4500 | ||
|---|---|---|---|
| 008 | 100921s9999 xx 000 0 und d | ||
| 082 |
_b34736 _a305.4 न 02 |
||
| 100 | _aगोडबोले मंगला. | ||
| 245 | _aकुंपण आणि आकाश. | ||
| 260 |
_bनवचैतन्य प्रकाशन, मुंबई. _c2002 |
||
| 300 |
_a152 _bजयेश एजन्सी,पुणे. |
||
| 365 | _b115 | ||
| 520 | _aस.शा.-स्त्रीया. | ||
| 630 | _aकुंपण आणि आकाश. | ||
| 650 | _aस.शा.-स्त्रीया. | ||
| 730 | _aकुंपण आणि आकाश. | ||
| 942 | _cBOOK | ||
| 999 |
_c783849 _d783846 |
||